000 00415nam a2200121Ia 4500
008 220216s9999 xx 000 0 und d
100 _aGeorge C.M.
245 2 _aA strategy for reducing the immaturity period of rubber in smallholdings
260 _bPlanters' Conference India, 19 April 1990, Rubber Board, Kottayam, India, pp.14-20.
_c1990
650 _aImmaturity period
650 _aSmallholdings
942 _cBS
999 _c52421
_d52421